=LDR 00000nam 2200000 4500 =001 INLIS000000000047858 =005 20160223083456.0 =006 =007 =008 =035 ##$$0010-021600000000247 =040 ##$$a NPBDMAT =082 ##$$a 813 =090 ##$$a 813 $b Hel k =100 ##$$a Helvy Tiara Rosa =245 ##$$a Ketika Mas Gagah Pergi/ Helvy Tiara Rosa; Editor Tomy Satryatomo.-- cet.10.-- =260 ##$$a Jakarta : $b Asmanadia, $c 2015 =300 ##$$a xiv, 241 hlm $c 21 cm =650 ##$$a Fiksi Indonesia =700 ##$$a Tomy Satryatomo =990 ##$$a 1311813118 =990 ##$$a 31500455 =990 ##$$a 01201436175